| 000 | 01263nam0a22002651i 4500 | ||
|---|---|---|---|
| 001 | rc\3632133 | ||
| 005 | 20240726084208.0 | ||
| 021 |
_aRU _b[71-28043а] |
||
| 035 | _a(NLR Aleph) 007825336 | ||
| 090 |
_a7757302 _c7757302 |
||
| 100 | _a20130115d1971 |||y0rusy50 ca | ||
| 101 | 0 | _arus | |
| 102 | _aRU | ||
| 105 | _ay d ||||| | ||
| 200 | 1 |
_aЗамещение дефектов твердой мозговой оболочки одноименной гомотканью, консервированной холодом _e(Эксперим.-клинич. исследование) _eАвтореф. дис. на соискание учен. степени канд. мед. наук _e(778) _fАМН СССР. Науч.-исслед. ин-т нейрохирургии им. Н.Н. Бурденко |
|
| 210 |
_aМосква _d1971 |
||
| 215 | _a27 с. | ||
| 320 | _aСписок работ авт.: с. 26-27 (9 назв.) | ||
| 606 |
_aМозговые оболочки _xХирургия _xПластические операции _2psbo |
||
| 606 |
_aХолод _xПрименение _xВ нейрохирургии _2psbo |
||
| 700 | 1 |
_aМесхия _bН.Ш. |
|
| 801 | 0 |
_aRU _bNLR _gpsbo |
|
| 801 | 1 |
_aRU _bELAR _2rusmarc |
|
| 852 |
_aNLR _j72-6/6232 |
||
| 942 | _cBOOK | ||